ბათუმის შოთა რუსთაველის სახელმწიფო უნივერსიტეტის ბიბლიოთეკა

არსენა.დრამატული პოემა (ბიბ.ჩანაწერი № 48398)

000 -LEADER
fixed length control field 00662nam a2200217Ia 4500
001 - CONTROL NUMBER
control field 15289
003 - CONTROL NUMBER IDENTIFIER
control field GE_BSU
008 - FIXED-LENGTH DATA ELEMENTS--GENERAL INFORMATION
fixed length control field 181216s||||||||xx |||||||||||||| ||und||
040 ## - CATALOGING SOURCE
Transcribing agency GE_BSU
080 ## - UNIVERSAL DECIMAL CLASSIFICATION NUMBER
Universal Decimal Classification number 821.353.1-11
100 ## - MAIN ENTRY--PERSONAL NAME
Personal name შანშიაშვილი,სანდრო
245 ## - TITLE STATEMENT
Title არსენა.დრამატული პოემა
245 ## - TITLE STATEMENT
Statement of responsibility, etc. პ/მგ რედ. რ გვეტაძე
260 ## - PUBLICATION, DISTRIBUTION, ETC.
Place of publication, distribution, etc. თბილისი
260 ## - PUBLICATION, DISTRIBUTION, ETC.
Name of publisher, distributor, etc. ფედერაცია
260 ## - PUBLICATION, DISTRIBUTION, ETC.
Date of publication, distribution, etc. 1936
300 ## - PHYSICAL DESCRIPTION
Extent 135გვ.19სმ.
653 ## - INDEX TERM--UNCONTROLLED
Uncontrolled term არსენა
653 ## - INDEX TERM--UNCONTROLLED
Uncontrolled term დრამატული პოემა
942 ## - ADDED ENTRY ELEMENTS (KOHA)
Koha item type წიგნი
ეგზემპლარები
Withdrawn status Lost status Damaged status Not for loan Date acquired Barcode Date last seen Price effective from Koha item type
        2018-12-17 38053 2018-12-17 2018-12-17 წიგნი
        2018-12-17 38054 2018-12-17 2018-12-17 წიგნი
        2018-12-17 38055 2018-12-17 2018-12-17 წიგნი
        2018-12-17 38056 2018-12-17 2018-12-17 წიგნი